• 首页
  • 本馆介绍
  • 公告通知
  • 最新文献
  • 馆藏检索
  • 电子资源
  • 读者导购
  • 参考咨询
  • 我的图书馆
  • 登录
  • 详细信息显示
  • 放入我的书架
  • 预约/预借图书
  • 作者相关作品
  • 分类相关作品
  • 丛书相关作品
  • 出版社相关作品

书目信息

  • 表格格式
  • 工作单格式
  • 卡片格式
题名:
古典艺术与中医学
    
 
作者: 刘懿 , 蔡艺芳 , 张煜 编著
分册:  
出版信息: 北京   中国中医药出版社  2017.05
页数: 16,160页
开本: 21cm
丛书名: 中华文化与中医学丛书
单 册:
中图分类: R-092 , I206.2
科图分类:
主题词: 中国医药学--医学史 , 古典文学--关系--中国医药学
电子资源:
ISBN: 978-7-5132-4180-9
000 01148oam2 2200313 450
001 0120172199727
005 20180906144141.89
010    @a978-7-5132-4180-9@dCNY49.00
100    @a20170608d2017 em y0chiy50 ea
101 0  @achi
102    @aCN@b110000
105    @ay z 000yy
106    @ar
200 1  @a古典艺术与中医学@9gu dian yi shu yu zhong yi xue@f刘懿,蔡艺芳,张煜编著
210    @a北京@c中国中医药出版社@d2017.05
215    @a16,160页@d21cm
225 2  @a中华文化与中医学丛书@v13
330    @a本书从中国古典艺术的源流、传世作品及其与中医的渊源讲起,通过阐述中医与古典艺术特殊的中医文化现象,尝试在继承传统文化,挖掘其艺术价值,开拓新时代的中医文化,对外提升国家文化软实力、增进国际交流起到一定的作用。
333    @a中国医药学研究人员,艺术史研究人员
461  0 @12001 @a中华文化与中医学丛书@v13
606 0  @a中国医药学@x医学史
606 0  @a古典文学@x关系@x中国医药学
690    @aR-092@v5
690    @aI206.2@v5
701  0 @a刘懿@9liu yi@f(1959-)@4编著
701  0 @a蔡艺芳@9cai yi fang@f(1979-)@4编著
701  0 @a张煜@9zhang yu@4编著
801  0 @aCN@b人天书店@c20170608
905    @b1087517-21@dR-092@e32@f5
    
    古典艺术与中医学/刘懿,蔡艺芳,张煜编著.-北京:中国中医药出版社,2017.05
    16,160页;21cm.-(中华文化与中医学丛书;13)
    使用对象:中国医药学研究人员,艺术史研究人员
    
    ISBN 978-7-5132-4180-9:CNY49.00
    本书从中国古典艺术的源流、传世作品及其与中医的渊源讲起,通过阐述中医与古典艺术特殊的中医文化现象,尝试在继承传统文化,挖掘其艺术价值,开拓新时代的中医文化,对外提升国家文化软实力、增进国际交流起到一定的作用。
●
相关链接 在E读中查询图书 在五车中查询图书 在当当中查询图书 在豆瓣中查询图书


正题名:古典艺术与中医学     索取号:R-092/32         预约/预借

序号 登录号 条形码 馆藏地/架位号 状态 备注
1 1087517   210875178   第二样本阅览室/ [索取号:R-092/32] 在馆    
2 1087518   210875187   教育系资料室/ [索取号:R-092/32] 在馆    
3 1087519   210875196   教育系资料室/ [索取号:R-092/32] 在馆    
4 1087520   210875203   第三借阅区/ [索取号:R-092/32] 在馆    
5 1087521   210875212   第三借阅区/ [索取号:R-092/32] 在馆    
唐山师范学院图书馆 欢迎您!
大连网信软件有限公司© 版权所有